书目信息 |
| 题名: |
青年黑格尔的哲学思想
|
|
| 作者: | 菲舍尔 , Fischer 著 ;张世英 译 | |
| 分册: | ||
| 出版信息: | 长春 吉林人民出版社 1983 |
|
| 页数: | 146页 | |
| 开本: | 19cm | |
| 丛书名: | ||
| 单 册: | ||
| 中图分类: | B516.35 , D516.35 | |
| 科图分类: | ||
| 主题词: | 哲学思想-黑格尔,G.W.F. , 哲学--欧洲 | |
| 电子资源: | ||
| ISBN: | ||
| 000 | 00834nam0 2200289 45 | |
| 001 | 0183005826 | |
| 005 | 20060911173354.42 | |
| 010 | @dCNY0.35 | |
| 091 | @a2091.48 | |
| 100 | @a19950727d1983 em y0chiy0121 ea | |
| 101 | 1 | @achi@cger |
| 102 | @aCN@b220000 | |
| 105 | @ay z 000yy | |
| 200 | 10 | @a青年黑格尔的哲学思想@Aqing nian hei ge er de zhe xue si xiang@f(德)菲舍尔(K.Fischer)著@g张世英译 |
| 210 | @a长春@c吉林人民出版社@d1983 | |
| 215 | @a146页@d19cm | |
| 600 | 1 | @a黑格尔@bG.W.F.@x哲学思想 |
| 606 | @a哲学思想-黑格尔,G.W.F. | |
| 606 | 0 | @a哲学@x欧洲 |
| 690 | @aB516.35@v3 | |
| 690 | @aD516.35 | |
| 701 | 1 | @a菲舍尔@Afei she er@bK.@4著 |
| 701 | A1 | @aFischer@bK.@4著 |
| 702 | 0 | @a张世英@Azhang shi ying@4译 |
| 801 | 0 | @aCN@b上海图书馆@c20060911 |
| 801 | 2 | @aCN@bNLC@c20060819 |
| 905 | @f1@b86154@dB516.35@e3 | |
| 青年黑格尔的哲学思想/(德)菲舍尔(K.Fischer)著/张世英译.-长春:吉林人民出版社,1983 |
| 146页;19cm |
| ISBN :CNY0.35 |
| ● |
| 相关链接 |
|
|
|
|
正题名:青年黑格尔的哲学思想
索取号:B516.35/3
 
预约/预借
| 序号 | 登录号 | 条形码 | 馆藏地/架位号 | 状态 | 备注 |
| 1 | 0086154 | 000482383 | 第一样本阅览室/ [索取号:B516.35/3] | 在馆 | |
| 2 | 0469436 | 204694367 | 密集书库/ [索取号:B516.35/3] | 在馆 | |
| 3 | 0472098 | 204720980 | 密集书库/ [索取号:B516.35/3] | 在馆 |